| 000 | 00702nam a22002057a 4500 | ||
|---|---|---|---|
| 005 | 20160920143848.0 | ||
| 010 | _aENG-116017 | ||
| 020 |
_a9789352603282 _c350.00 |
||
| 020 |
_a9352603281 _c350.00 |
||
| 035 | _aEN-99549 | ||
| 037 | _bDBAD/PUB | ||
| 082 | _a621.381 | ||
| 100 | _aGateforum | ||
| 245 |
_aGATE test series and previous year solved papers electronics and communication engineering / _bby Gateforum |
||
| 260 |
_aNoida _bMcGraw Hill Education _c2017 |
||
| 270 |
_aB-4, Sector-63, Dist. Gautam Budh Nagar _bNoida _e201301 |
||
| 300 |
_a440p : _c24 cm (pbk) _bill |
||
| 490 | _aA division of thinkcell GATEORUM engineering success | ||
| 942 |
_2ddc _cEN _h621.381 _mGAT |
||
| 999 |
_c103457 _d103457 |
||